[Event "COL-ch U14"]
[Site "Barranquilla"]
[Date "2024.04.13"]
[Round "4"]
[White "Ruiz Agudelo, Jeronimo"]
[Black "Cano Alcaraz, Juan Jose"]
[Result "1/2-1/2"]
[WhiteElo "1875"]
[BlackElo "1956"]
[PlyCount "75"]
[EventDate "2024.04.11"]
[EventType "swiss"]
[EventRounds "7"]
[EventCountry "COL"]
[SourceTitle "CB18_2024"]
[SourceDate "2024.05.01"]
[SourceVersion "1"]
[SourceVersionDate "2024.05.01"]
[SourceQuality "2"]

1. e4 e5 2. Nf3 Nc6 3. Bb5 a6 4. Ba4 Nf6 5. 0-0 Nxe4 6. d4 b5 7. Bb3 d5 8. dxe5 Be6 9. Nbd2 Nc5 10. c3 Be7 11. Bc2 d4 12. cxd4 Nxd4 13. Nxd4 Qxd4 14. Nf3 Qxd1 15. Rxd1 0-0 16. Nd4 Rfd8 17. Be3 Bd5 18. Rac1 g6 19. Bb1 Ne6 20. h3 c5 21. Nxe6 Bxe6 22. Be4 Rxd1+ 23. Rxd1 Rd8 24. Rxd8+ Bxd8 25. a4 Be7 26. Bb7 bxa4 27. Bxa6 c4 28. Bc1 Bb4 29. Bb5 c3 30. Bxa4 cxb2 31. Bxb2 Bc5 32. Bc6 h5 33. Bf3 h4 34. Bc3 Bc4 35. Be4 Kf8 36. Bd2 Bd4 37. Bg5 Bxe5 38. Bxh4 1/2-1/2

[Event "COL-ch sf"]
[Site "Pereira"]
[Date "2024.03.26"]
[Round "2"]
[White "Garzon Camelo, Andres Santiago"]
[Black "Ruiz Agudelo, Jeronimo"]
[Result "1-0"]
[WhiteElo "2081"]
[BlackElo "1875"]
[PlyCount "71"]
[EventDate "2024.03.26"]
[EventType "swiss"]
[EventRounds "11"]
[EventCountry "COL"]
[SourceTitle "CB14_2024"]
[SourceDate "2024.04.01"]
[SourceVersion "1"]
[SourceVersionDate "2024.04.01"]
[SourceQuality "1"]

1. e4 c6 2. d4 d5 3. Nd2 dxe4 4. Nxe4 Bf5 5. Ng3 Bg6 6. Nf3 Nd7 7. c3 Ngf6 8. Bc4 e6 9. 0-0 Be7 10. Re1 0-0 11. Bg5 h6 12. Bf4 Nd5 13. Bxd5 exd5 14. Qb3 b6 15. Qa4 c5 16. Qc6 Nf6 17. Bc7 Qe8 18. Qb7 Be4 19. Be5 Qd8 20. Bxf6 Bxf6 21. Nxe4 dxe4 22. Rxe4 cxd4 23. Nxd4 Qd6 24. Rae1 Qc5 25. Nc6 Qb5 26. R4e2 Qc4 27. a3 Qb5 28. Nxa7 Qc4 29. Nc6 Rac8 30. Ne7+ Bxe7 31. Rxe7 Qb3 32. R7e2 Rcd8 33. h3 Rd1 34. Qe4 Rxe1+ 35. Rxe1 Qxb2 36. Qb4 1-0

[Event "Pereira Fiestas de la Cosecha op"]
[Site "Pereira"]
[Date "2023.08.26"]
[Round "5"]
[White "Ruiz Agudelo, Jeronimo"]
[Black "Cardona Marin, Fabio"]
[Result "1-0"]
[WhiteElo "1628"]
[BlackElo "1870"]
[PlyCount "43"]
[EventDate "2023.08.24"]
[EventType "swiss"]
[EventRounds "7"]
[EventCountry "COL"]
[SourceTitle "EXT 2024"]
[Source "ChessBase"]
[SourceDate "2023.10.10"]
[SourceVersion "1"]
[SourceVersionDate "2023.10.10"]
[SourceQuality "1"]

1. e4 e6 2. d4 d5 3. Nc3 dxe4 4. Nxe4 Nd7 5. Nf3 Ngf6 6. Nxf6+ Nxf6 7. Bd3 b6 8. 0-0 Bb7 9. c3 Be7 10. Bg5 0-0 11. Re1 h6 12. Bh4 Nd7 13. Bxe7 Qxe7 14. Be4 Bxe4 15. Rxe4 Nf6 16. Re1 Qd6 17. Qc2 Rfd8 18. Rad1 c5 19. h3 Qc7 20. dxc5 Qxc5 21. Nd4 a6 22. Qe2 1-0

[Event "Pereira Fiestas de la Cosecha op"]
[Site "Pereira"]
[Date "2023.08.25"]
[Round "3"]
[White "Ruiz Agudelo, Jeronimo"]
[Black "Burbano Rodriguez, Angel Gabriel"]
[Result "1-0"]
[WhiteElo "1628"]
[BlackElo "1237"]
[PlyCount "33"]
[EventDate "2023.08.24"]
[EventType "swiss"]
[EventRounds "7"]
[EventCountry "COL"]
[SourceTitle "EXT 2024"]
[Source "ChessBase"]
[SourceDate "2023.10.10"]
[SourceVersion "1"]
[SourceVersionDate "2023.10.10"]
[SourceQuality "1"]

1. e4 e5 2. Nf3 Nc6 3. Bb5 Bc5 4. 0-0 Nf6 5. d3 h6 6. Bxc6 dxc6 7. Nxe5 0-0 8. c3 Qe7 9. Nf3 Bg4 10. d4 Bb6 11. e5 Nh7 12. Nbd2 f6 13. exf6 Rxf6 14. Re1 Qd6 15. Ne4 Bxf3 16. Nxf6+ Nxf6 17. Qxf3 1-0

[Event "Sabaneta op-B 2nd"]
[Site "Sabaneta Antioquia"]
[Date "2023.07.02"]
[Round "7"]
[White "Ruiz Agudelo, Jeronimo"]
[Black "Morales, Luis Eduardo"]
[Result "1-0"]
[WhiteElo "1795"]
[BlackElo "1637"]
[PlyCount "91"]
[EventDate "2023.06.28"]
[EventType "swiss"]
[EventRounds "9"]
[EventCountry "COL"]
[SourceTitle "EXT 2024"]
[Source "ChessBase"]
[SourceDate "2023.10.10"]
[SourceVersion "1"]
[SourceVersionDate "2023.10.10"]
[SourceQuality "1"]

1. e4 Nc6 2. Nf3 d5 3. exd5 Qxd5 4. Nc3 Qd6 5. d4 Nf6 6. Nb5 Qd8 7. d5 Nb4 8. c4 Na6 9. Bf4 e6 10. Nc3 Bb4 11. dxe6 Bxc3+ 12. bxc3 Qxd1+ 13. Rxd1 Bxe6 14. Nd4 0-0 15. Nxe6 fxe6 16. Bd3 Rad8 17. 0-0 Rd7 18. f3 Rfd8 19. Bc2 Rxd1 20. Rxd1 Rxd1+ 21. Bxd1 Nd7 22. Kf2 e5 23. Bg3 Kf7 24. Ke3 Ke6 25. Bc2 g6 26. f4 exf4+ 27. Bxf4 Ne5 28. Bb3 Kf5 29. h3 h5 30. Bc2+ Kf6 31. Bxe5+ Kxe5 32. Bxg6 h4 33. Kf3 Kf6 34. Be4 Nc5 35. Kf4 Nxe4 36. Kxe4 Kg5 37. Kf3 c5 38. g4 hxg3 39. Kxg3 b6 40. h4+ Kf5 41. Kf3 a6 42. a3 b5 43. cxb5 axb5 44. h5 Kg5 45. Ke4 Kxh5 46. Kd5 1-0

[Event "COL-ch U14"]
[Site "Cartagena"]
[Date "2023.04.16"]
[Round "7"]
[White "Garzon Camelo, Andres Santiago"]
[Black "Ruiz Agudelo, Jeronimo"]
[Result "1/2-1/2"]
[WhiteElo "1916"]
[BlackElo "1763"]
[PlyCount "76"]
[EventDate "2023.04.13"]
[EventType "swiss"]
[EventRounds "7"]
[EventCountry "COL"]
[SourceTitle "CBM 213 Extra"]
[Source "ChessBase"]
[SourceDate "2023.05.31"]
[SourceVersion "1"]
[SourceVersionDate "2023.05.31"]
[SourceQuality "1"]

1. d4 Nf6 2. Bf4 d5 3. e3 c5 4. Nd2 Nc6 5. Ngf3 cxd4 6. exd4 Bg4 7. Be2 e6 8. 0-0 Bd6 9. Bxd6 Qxd6 10. Re1 0-0 11. Nb3 Rab8 12. Ne5 Bxe2 13. Rxe2 b5 14. a4 b4 15. Qd3 Nd7 16. Nxd7 Qxd7 17. Re3 Qe7 18. Rh3 h6 19. Re1 Rfc8 20. Rg3 Qf6 21. Ree3 e5 22. dxe5 Nxe5 23. Qd4 Nd7 24. Ref3 Qxd4 25. Nxd4 Ne5 26. Rf5 Rc4 27. Rxe5 Rxd4 28. Rd3 Rxd3 29. cxd3 Rc8 30. g3 Rc2 31. Rxd5 Rxb2 32. Rd8+ Kh7 33. Rd7 Rd2 34. Rxf7 a5 35. Rf5 b3 36. Kg2 b2 37. Rb5 Rxd3 38. Rxb2 Ra3 1/2-1/2

[Event "Sabaneta op-B 1st"]
[Site "Sabaneta"]
[Date "2022.11.26"]
[Round "2"]
[White "Ruiz Agudelo, Jeronimo"]
[Black "Perez Tangarife, Simon"]
[Result "1-0"]
[WhiteElo "1810"]
[BlackElo "1448"]
[PlyCount "30"]
[EventDate "2022.11.25"]
[EventType "swiss"]
[EventRounds "8"]
[EventCountry "COL"]
[SourceTitle "CBM 211 Extra"]
[Source "ChessBase"]
[SourceDate "2023.01.31"]
[SourceVersion "1"]
[SourceVersionDate "2023.01.31"]
[SourceQuality "1"]

1. e4 Nf6 2. e5 Nd5 3. d4 d6 4. Nf3 Bg4 5. Be2 Nc6 6. c4 Nb6 7. exd6 cxd6 8. d5 Bxf3 9. Bxf3 Ne5 10. b3 g6 11. Bb2 Bg7 12. Nc3 Nxf3+ 13. Qxf3 a5 14. Na4 Bxb2 15. Nxb2 a4 1-0

[Event "Medellin Raza Cup"]
[Site "Medellin"]
[Date "2022.10.23"]
[Round "9"]
[White "Leon Acevedo, Juan Alejandro"]
[Black "Ruiz Agudelo, Jeronimo"]
[Result "0-1"]
[WhiteElo "1881"]
[BlackElo "1718"]
[PlyCount "84"]
[EventDate "2022.10.19"]
[EventType "swiss"]
[EventRounds "10"]
[EventCountry "COL"]
[SourceTitle "EXT 2024"]
[Source "ChessBase"]
[SourceDate "2023.10.10"]
[SourceVersion "1"]
[SourceVersionDate "2023.10.10"]
[SourceQuality "1"]

1. d4 Nf6 2. c4 e6 3. Nc3 Bb4 4. f3 c5 5. d5 b5 6. e4 bxc4 7. Bxc4 Nxd5 8. Bxd5 exd5 9. Qxd5 Nc6 10. Nge2 Ba6 11. Bd2 0-0 12. Kf2 Ba5 13. a3 Qb6 14. Rab1 Ne7 15. Qg5 f6 16. Qe3 Qc7 17. Nf4 Qe5 18. Ncd5 Nxd5 19. Nxd5 Bxd2 20. Qxd2 Rab8 21. Qc3 Qxc3 22. bxc3 Bd3 23. Rxb8 Rxb8 24. Ke3 Bc4 25. Rd1 Kf7 26. Kf4 Rb3 27. a4 Ke6 28. Ne3 Rxc3 29. Nf5 g5+ 30. Kg4 h5+ 31. Kxh5 d5 32. exd5+ Kxf5 33. d6 Be6 34. d7 Bxd7 35. Rxd7 Rc4 36. g4+ Kf4 37. Rxa7 Kxf3 38. Rf7 Rxa4 39. Rxf6+ Rf4 40. Rxf4+ Kxf4 41. h4 gxh4 42. Kxh4 c4 0-1

[Event "Medellin Raza Cup"]
[Site "Medellin"]
[Date "2022.10.20"]
[Round "3"]
[White "Ruiz Agudelo, Jeronimo"]
[Black "Pereira Vera, Henry Alberto"]
[Result "1-0"]
[WhiteElo "1718"]
[BlackElo "1792"]
[PlyCount "73"]
[EventDate "2022.10.19"]
[EventType "swiss"]
[EventRounds "10"]
[EventCountry "COL"]
[SourceTitle "EXT 2024"]
[Source "ChessBase"]
[SourceDate "2023.10.10"]
[SourceVersion "1"]
[SourceVersionDate "2023.10.10"]
[SourceQuality "1"]

1. e4 d5 2. exd5 Qxd5 3. Nc3 Qd6 4. d4 c6 5. Bc4 Bf5 6. Nf3 Nd7 7. 0-0 Ngf6 8. Be3 e6 9. a3 Be7 10. Qd2 0-0 11. Bf4 e5 12. Nxe5 Nh5 13. Nxd7 Qxd7 14. Be5 b5 15. Be2 f6 16. Bg3 Nxg3 17. hxg3 Rad8 18. Bf3 b4 19. axb4 Bxb4 20. Rfd1 a5 21. Qe2 Kh8 22. Be4 Rfe8 23. Bxf5 Qxf5 24. Qd3 Qh5 25. Qf3 Qg6 26. Rd3 c5 27. dxc5 Bxc3 28. Rxd8 Rxd8 29. Qxc3 Qh5 30. Re1 Rd1 31. Qxa5 h6 32. Qa8+ Kh7 33. Qe4+ Kh8 34. c6 Rxe1+ 35. Qxe1 Qc5 36. Qc3 Qd6 37. f3 1-0

[Event "Medellin Feria de las Flores op"]
[Site "Medellin"]
[Date "2022.08.07"]
[Round "9"]
[White "Zapata Montoya, Andres Geronimo"]
[Black "Ruiz Agudelo, Jeronimo"]
[Result "1-0"]
[WhiteElo "1963"]
[BlackElo "1746"]
[PlyCount "53"]
[EventDate "2022.08.03"]
[EventType "swiss"]
[EventRounds "9"]
[EventCountry "COL"]
[SourceTitle "CBM 209 Extra"]
[Source "ChessBase"]
[SourceDate "2022.09.30"]
[SourceVersion "1"]
[SourceVersionDate "2022.09.30"]
[SourceQuality "1"]

1. e4 e5 2. Nf3 Nc6 3. Bc4 Bc5 4. c3 Nf6 5. d3 d6 6. 0-0 0-0 7. Bb3 a6 8. h3 Ne7 9. d4 exd4 10. cxd4 Ba7 11. Nc3 Ng6 12. Qc2 c6 13. Bg5 Re8 14. Rfe1 Qc7 15. Bxf6 gxf6 16. Qd2 Be6 17. d5 cxd5 18. Nxd5 Bxd5 19. Bxd5 Ne5 20. Nh4 Qb6 21. Nf5 Qxf2+ 22. Qxf2 Bxf2+ 23. Kxf2 Nd3+ 24. Ke2 Nxe1 25. Rxe1 Re5 26. Rc1 Re7 27. Nxe7+ 1-0

[Event "Medellin Aristizabal Cup"]
[Site "Medellin"]
[Date "2022.07.09"]
[Round "2"]
[White "Ruiz Agudelo, Jeronimo"]
[Black "Sanchez Arroyave, Juan Pablo"]
[Result "0-1"]
[WhiteElo "1785"]
[BlackElo "2079"]
[PlyCount "66"]
[EventDate "2022.07.08"]
[EventType "swiss"]
[EventRounds "7"]
[EventCountry "COL"]
[SourceTitle "CBM 209 Extra"]
[Source "ChessBase"]
[SourceDate "2022.09.30"]
[SourceVersion "1"]
[SourceVersionDate "2022.09.30"]
[SourceQuality "1"]

1. e4 c5 2. Nf3 e6 3. d4 cxd4 4. Nxd4 Nc6 5. Nc3 Qc7 6. Be2 a6 7. 0-0 Nf6 8. Kh1 Bc5 9. Be3 Bb4 10. Na4 Be7 11. Nxc6 bxc6 12. Nb6 Rb8 13. e5 Qxe5 14. Nxc8 Rxc8 15. Bxa6 Ra8 16. Bd4 Qd5 17. Be2 Rxa2 18. b3 Rxa1 19. Qxa1 0-0 20. Bc4 Qh5 21. Qa7 e5 22. Bb2 Bd6 23. h3 Qf5 24. f4 Bb8 25. Qb7 Nh5 26. Kg1 Nxf4 27. g3 Qxc2 28. gxf4 Qxb2 29. fxe5 Qd4+ 30. Kg2 Bxe5 31. Bxf7+ Kh8 32. Rf3 g6 33. Bc4 Qd2+ 0-1

[Event "Medellin Easter op 10th"]
[Site "Medellin"]
[Date "2022.04.16"]
[Round "7"]
[White "Ruiz Agudelo, Jeronimo"]
[Black "Parra Meza, Brayan1111"]
[Result "1-0"]
[WhiteElo "1693"]
[BlackElo "1879"]
[PlyCount "62"]
[EventDate "2022.04.13"]
[EventType "swiss"]
[EventRounds "8"]
[EventCountry "COL"]
[SourceTitle "CBM 207 Extra"]
[Source "ChessBase"]
[SourceDate "2022.05.31"]
[SourceVersion "1"]
[SourceVersionDate "2022.05.31"]
[SourceQuality "1"]

1. e4 e6 2. d4 d5 3. Nc3 Nf6 4. Bg5 Be7 5. e5 Nfd7 6. Bxe7 Qxe7 7. f4 0-0 8. Nf3 c5 9. Qd2 Nc6 10. 0-0-0 cxd4 11. Nxd4 Nxd4 12. Qxd4 Qc5 13. g4 b6 14. Bg2 Qxd4 15. Rxd4 Bb7 16. Re1 a6 17. h4 Rac8 18. Kb1 Rc7 19. Ne2 Rfc8 20. c3 a5 21. Rdd1 b5 22. Nd4 b4 23. Nb5 Rc5 24. c4 Nb6 25. Nd6 R8c7 26. Nxb7 Rxb7 27. cxd5 Nxd5 28. Bxd5 Rxd5 29. Rxd5 exd5 30. Rd1 Rb5 31. Rc1 g6 1-0

[Event "Medellin Luces op"]
[Site "Medellin"]
[Date "2021.12.18"]
[Round "3"]
[White "Ruiz Agudelo, Jeronimo"]
[Black "Perez, William"]
[Result "0-1"]
[WhiteElo "1642"]
[BlackElo "1979"]
[PlyCount "98"]
[EventDate "2021.12.17"]
[EventType "swiss"]
[EventRounds "7"]
[EventCountry "COL"]
[SourceTitle "CBM 206 Extra"]
[Source "ChessBase"]
[SourceDate "2022.03.31"]
[SourceVersion "1"]
[SourceVersionDate "2022.03.31"]
[SourceQuality "1"]

1. e4 c6 2. d4 d5 3. Nc3 dxe4 4. Nxe4 Bf5 5. Ng3 Bg6 6. h4 h6 7. Nf3 Nd7 8. h5 Bh7 9. Bd3 Bxd3 10. Qxd3 e6 11. Bd2 Be7 12. 0-0-0 Ngf6 13. Qe2 Qb6 14. Be3 Qa5 15. Kb1 0-0 16. Bd2 Bb4 17. Bxb4 Qxb4 18. Ne5 Rfd8 19. a3 Qa5 20. Rhe1 Qd5 21. c4 Qd6 22. Qf3 Rac8 23. Ne4 Qe7 24. Nxd7 Rxd7 25. Nc5 Rdd8 26. Nb3 b5 27. cxb5 cxb5 28. d5 Qb7 29. dxe6 Qxf3 30. Rxd8+ Rxd8 31. exf7+ Kxf7 32. gxf3 Rd5 33. Rc1 Nxh5 34. Rc7+ Kf6 35. Rxa7 Nf4 36. a4 bxa4 37. Rxa4 Kg5 38. Ra7 g6 39. Nc1 h5 40. Rh7 h4 41. Kc2 h3 42. b4 Kf6 43. Rh4 g5 44. Rh7 Rd6 45. b5 Kg6 46. Rh8 Kg7 47. Re8 Rb6 48. Nd3 Ng2 49. Ra8 Ne1+ 0-1